| 000 | 00464nam a22001817a 4500 | ||
|---|---|---|---|
| 003 | MPLRDC | ||
| 005 | 20220104124845.0 | ||
| 008 | 210129b ||||| |||| 00| 0 eng d | ||
| 020 | _a983-2403-68-5 | ||
| 082 | _a855 CS | ||
| 100 | _a沉沙、黎振满 | ||
| 245 |
_a黑夜尽处是黎明 _c |
||
| 250 | _a初版 | ||
| 260 |
_a马来西亚 _b人人书楼出版有限公司 _c2006 |
||
| 300 | _b123 | ||
| 650 | _a散文;随笔、日记 | ||
| 942 |
_cBK _o855 CS |
||
| 999 |
_c22716 _d22706 |
||